NCAA Football Teams with Unique Names - Statistics

General Stats
  • This quiz has been taken 82 times
  • The average score is 57 of 78
Answer Stats
School Answer % Correct
Duke Blue Devils
97%
Syracuse Orange
95%
North Carolina Tar Heels
95%
Ohio St Buckeyes
94%
Miami Hurricanes
94%
Florida St Seminoles
94%
Michigan Wolverines
92%
Indiana Hoosiers
91%
Nebraska Cornhuskers
89%
Iowa Hawkeyes
89%
Virginia Tech Hokies
89%
Texas Longhorns
89%
Penn St Nittany Lions
89%
Oklahoma Sooners
89%
Wisconsin Badgers
88%
Cincinnati Bearcats
88%
Baylor Bears
88%
Purdue Boilermakers
88%
Wake Forest Demon Deacons
88%
Illinois Fighting Illini
86%
Notre Dame Fighting Irish
86%
Florida Gators
86%
TCU Horned Frogs
86%
Virginia Cavaliers
85%
Alabama Crimson Tide
85%
Maryland Terrapins
85%
Georgia Tech Yellow Jackets
85%
Oregon Ducks
83%
Kansas Jayhawks
83%
Tennessee Volunteers
83%
UCLA Bruins
82%
Minnesota Golden Gophers
82%
Utah Utes
82%
Iowa St Cyclones
80%
Arkansas Razorbacks
80%
Texas Tech Red Raiders
80%
Oregon St Beavers
79%
South Carolina Gamecocks
79%
Tulane Green Wave
79%
Navy Midshipmen
79%
California Golden Bears
77%
East Carolina Pirates
77%
Arizona St Sun Devils
77%
San Diego St Aztecs
76%
Colorado Buffaloes
76%
SMU Mustangs
76%
Stanford Cardinal
73%
Vanderbilt Commodores
73%
Army Black Knights
71%
Hawaii Rainbow Warriors
71%
Rutgers Scarlet Knights
71%
Colorado St Rams
70%
UCF Knights
68%
UMass Minutemen
68%
Akron Zips
67%
New Mexico Lobos
65%
Liberty Flames
64%
UTEP Miners
61%
Western Kentucky Hilltoppers
59%
UAB Blazers
58%
UTSA Roadrunners
58%
Tulsa Golden Hurricane
56%
Toledo Rockets
56%
Kent State Golden Flashes
55%
Central Michigan Chippewas
53%
Charlotte 49ers
52%
Middle Tennessee St Blue Raiders
50%
North Texas Mean Green
50%
Miami (OH) RedHawks
50%
Marshall Thundering Herd
48%
James Madison Dukes
47%
Arkansas St Red Wolves
47%
Coastal Carolina Chanticleers
45%
South Alabama Jaguars
44%
Old Dominion Monarchs
44%
Southern Miss Golden Eagles
42%
LA-Lafayette Ragin' Cajuns
39%
LA-Monroe Warhawks
36%
No matching quizzes found
Score Distribution
Percent of People with Each Score
Percentile by Number Answered
Your Score History
You have not taken this quiz